[Event "DEM U12w 2023"]
[Site "Willingen GER"]
[Date "2023.05.31"]
[Round "6"]
[White "Cao, Weiqi"]
[Black "Börner, Emma Charlotte"]
[Result "0-1"]
[Termination "normal"]
[Board "16"]
[WhiteElo "1315"]
[BlackElo "990"]
[WhiteClock "00:26:45"]
[BlackClock "00:58:49"]
[PlyCount "120"]
[WhiteFideId "34630112"]
[BlackFideId "34637907"]
[EventCountry "GER"]
[EventRounds "9"]
[EventType "swiss"]
[EventDate "2023.05.27"]

1. d4 {[%clk 01:30:59]} {[%emt 00:00:01]} d5 {[%clk 01:30:54]} {[%emt
00:00:06]} 2. Nf3 {[%clk 01:31:22]} {[%emt 00:00:06]} e6 {[%clk 01:31:13]}
{[%emt 00:00:10]} 3. g3 {[%clk 01:31:44]} {[%emt 00:00:09]} f5 {[%clk
01:31:10]} {[%emt 00:00:33]} 4. Bg2 {[%clk 01:31:49]} {[%emt 00:00:25]} Bd6
{[%clk 01:31:19]} {[%emt 00:00:21]} 5. O-O {[%clk 01:31:40]} {[%emt 00:00:40]}
Nd7 {[%clk 01:31:06]} {[%emt 00:00:43]} 6. c4 {[%clk 01:31:25]} {[%emt
00:00:44]} c6 {[%clk 01:31:26]} {[%emt 00:00:11]} 7. b3 {[%clk 01:30:42]}
{[%emt 00:01:13]} b6 {[%clk 01:30:44]} {[%emt 00:01:12]} 8. Ba3 {[%clk
01:29:11]} {[%emt 00:02:00]} Bxa3 {[%clk 01:28:48]} {[%emt 00:02:27]} 9. Nxa3
{[%clk 01:29:29]} {[%emt 00:00:12]} Qe7 {[%emt 00:06:48]} 10. Nc2 {[%clk
01:26:52]} {[%emt 00:00:09]} Nh6 {[%clk 01:25:03]} {[%emt 00:00:54]} 11. Re1
{[%clk 01:23:17]} {[%emt 00:04:05]} Nf7 {[%clk 01:24:40]} {[%emt 00:00:54]} 12.
Rc1 {[%clk 01:20:14]} {[%emt 00:03:33]} Ba6 {[%clk 01:20:58]} {[%emt 00:04:12]}
13. Ne3 {[%clk 01:17:02]} {[%emt 00:03:42]} O-O {[%clk 01:13:48]} {[%emt
00:07:39]} 14. cxd5 {[%clk 01:13:58]} {[%emt 00:03:34]} cxd5 {[%clk 01:13:40]}
{[%emt 00:00:38]} 15. Qd2 {[%clk 01:11:30]} {[%emt 00:02:59]} Rac8 {[%clk
01:13:19]} {[%emt 00:00:51]} 16. Nc2 {[%clk 01:07:41]} {[%emt 00:04:18]} Bb7
{[%clk 01:11:09]} {[%emt 00:02:40]} 17. Qb4 {[%clk 01:03:56]} {[%emt 00:04:09]}
Qxb4 {[%clk 01:10:45]} {[%emt 00:01:01]} 18. Nxb4 {[%clk 01:04:17]} {[%emt
00:00:09]} a5 {[%clk 01:10:43]} {[%emt 00:00:32]} 19. Nd3 {[%clk 01:03:42]}
{[%emt 00:01:00]} Rxc1 {[%clk 01:09:02]} {[%emt 00:02:16]} 20. Rxc1 {[%clk
01:03:52]} {[%emt 00:00:20]} Rc8 {[%clk 01:08:47]} {[%emt 00:00:46]} 21. Rxc8+
{[%clk 01:03:00]} {[%emt 00:01:20]} Bxc8 {[%clk 01:09:03]} {[%emt 00:00:15]}
22. Nf4 {[%clk 01:02:36]} {[%emt 00:00:51]} Nf6 {[%clk 01:07:43]} {[%emt
00:01:52]} 23. Kf1 {[%clk 00:58:00]} {[%emt 00:05:06]} Kf8 {[%clk 01:06:29]}
{[%emt 00:01:45]} 24. Ke1 {[%clk 00:57:20]} {[%emt 00:01:09]} Ke7 {[%clk
01:06:40]} {[%emt 00:00:19]} 25. Kd2 {[%clk 00:56:58]} {[%emt 00:00:53]} Kd6
{[%clk 01:06:33]} {[%emt 00:00:37]} 26. Kc3 {[%clk 00:56:35]} {[%emt 00:00:52]}
Ne4+ {[%clk 01:02:36]} {[%emt 00:04:27]} 27. Kc2 {[%clk 00:53:58]} {[%emt
00:03:04]} Nxf2 {[%clk 01:00:09]} {[%emt 00:02:57]} 28. a3 {[%clk 00:50:35]}
{[%emt 00:03:56]} g6 {[%clk 00:59:01]} {[%emt 00:01:38]} 29. Nd3 {[%clk
00:45:24]} {[%emt 00:05:40]} Nxd3 {[%clk 00:58:57]} {[%emt 00:00:36]} 30. Kxd3
{[%clk 00:45:45]} {[%emt 00:00:09]} Ba6+ {[%clk 00:58:38]} {[%emt 00:00:50]}
31. Ke3 {[%clk 00:45:13]} {[%emt 00:00:52]} g5 {[%clk 00:56:47]} {[%emt
00:02:31]} 32. h3 {[%clk 00:41:14]} {[%emt 00:04:29]} h6 {[%clk 00:54:54]}
{[%emt 00:02:23]} 33. Nh2 {[%clk 00:36:57]} {[%emt 00:04:46]} e5 {[%clk
00:50:10]} {[%emt 00:05:15]} 34. dxe5+ {[%clk 00:34:32]} {[%emt 00:02:55]} Nxe5
{[%clk 00:50:17]} {[%emt 00:00:23]} 35. Nf3 {[%clk 00:30:36]} {[%emt 00:04:26]}
Nxf3 {[%clk 00:48:10]} {[%emt 00:02:37]} 36. Bxf3 {[%clk 00:30:44]} {[%emt
00:00:22]} Ke5 {[%clk 00:48:08]} {[%emt 00:00:32]} 37. Kd2 {[%clk 00:26:08]}
{[%emt 00:04:57]} d4 {[%clk 00:46:04]} {[%emt 00:02:44]} 38. Kc2 {[%clk
00:21:56]} {[%emt 00:04:34]} Bc8 {[%clk 00:42:04]} {[%emt 00:04:39]} 39. Bg2
{[%clk 00:18:50]} {[%emt 00:03:30]} h5 {[%clk 00:41:10]} {[%emt 00:01:29]} 40.
h4 {[%clk 00:16:27]} {[%emt 00:02:54]} g4 {[%clk 00:41:03]} {[%emt 00:00:37]}
41. Bf1 {[%clk 00:09:13]} {[%emt 00:07:41]} Ba6 {[%clk 00:40:48]} {[%emt
00:00:48]} 42. Kc1 {[%clk 00:08:37]} {[%emt 00:00:51]} f4 {[%clk 00:40:07]}
{[%emt 00:01:25]} 43. gxf4+ {[%clk 00:08:45]} {[%emt 00:00:22]} Ke4 {[%clk
00:39:03]} {[%emt 00:01:34]} 44. Kd2 {[%clk 00:08:05]} {[%emt 00:01:07]} Kxf4
{[%clk 00:38:39]} {[%emt 00:00:57]} 45. Ke1 {[%clk 00:05:10]} {[%emt 00:03:03]}
Ke3 {[%clk 00:37:02]} {[%emt 00:02:28]} 46. b4 {[%clk 00:03:26]} {[%emt
00:02:13]} Bb7 {[%clk 00:35:43]} {[%emt 00:01:50]} 47. bxa5 {[%clk 00:02:06]}
{[%emt 00:01:51]} bxa5 {[%clk 00:36:02]} {[%emt 00:00:10]} 48. Kd1 {[%clk
00:26:58]} {[%emt 00:05:37]} Kf2 {[%clk 01:06:18]} {[%emt 00:00:15]} 49. e4
{[%clk 00:26:39]} {[%emt 00:00:49]} dxe3 {[%clk 01:02:17]} {[%emt 00:02:33]}
50. Be2 {[%clk 00:27:08]} g3 {[%clk 01:02:03]} {[%emt 00:02:44]} 51. Bxh5
{[%clk 00:27:17]} {[%emt 00:00:20]} g2 {[%clk 01:02:22]} {[%emt 00:00:11]} 52.
Kc2 {[%clk 00:26:51]} {[%emt 00:00:55]} g1=Q {[%clk 01:02:37]} {[%emt
00:00:17]} 53. Kd3 {[%clk 00:27:09]} {[%emt 00:00:10]} Qd1+ {[%clk 01:02:47]}
{[%emt 00:00:21]} 54. Bxd1 {[%clk 00:27:27]} {[%emt 00:00:14]} Bf3 {[%clk
01:02:32]} {[%emt 00:00:45]} 55. h5 {[%clk 00:27:04]} {[%emt 00:00:54]} Bxd1
{[%clk 00:59:06]} {[%emt 00:03:56]} 56. h6 {[%clk 00:27:11]} {[%emt 00:00:22]}
e2 {[%clk 00:58:08]} {[%emt 00:01:29]} 57. h7 {[%clk 00:27:34]} {[%emt
00:00:06]} e1=Q {[%clk 00:58:28]} {[%emt 00:00:10]} 58. h8=Q {[%clk 00:27:06]}
{[%emt 00:00:58]} Qe2+ {[%clk 00:58:29]} {[%emt 00:00:29]} 59. Kc3 {[%clk
00:26:48]} {[%emt 00:00:35]} Qc2+ {[%clk 00:58:27]} {[%emt 00:00:45]} 60. Kd4
{[%clk 00:26:45]} {[%emt 00:00:33]} Qb2+ {[%clk 00:58:49]} {[%emt 00:00:09]}
0-1

[Event "DEM U12w 2023"]
[Site "Willingen GER"]
[Date "2023.05.31"]
[Round "6"]
[White "Myronova, Alisa"]
[Black "Krannich, Eva"]
[Result "0-1"]
[Termination "normal"]
[Board "17"]
[WhiteElo "1314"]
[BlackElo "1025"]
[WhiteClock "01:12:14"]
[BlackClock "01:17:43"]
[PlyCount "82"]
[WhiteFideId "34160671"]
[BlackFideId "34639713"]
[EventCountry "GER"]
[EventRounds "9"]
[EventType "swiss"]
[EventDate "2023.05.27"]

1. d4 {[%clk 01:30:57]} {[%emt 00:00:02]} e6 {[%clk 01:30:53]} {[%emt
00:00:07]} 2. c4 {[%clk 01:31:19]} {[%emt 00:00:09]} f5 {[%clk 01:31:14]}
{[%emt 00:00:08]} 3. g3 {[%clk 01:30:23]} {[%emt 00:01:27]} Nf6 {[%clk
01:30:44]} {[%emt 00:00:59]} 4. Bg2 {[%clk 01:30:29]} {[%emt 00:00:24]} c6
{[%clk 01:30:40]} {[%emt 00:00:34]} 5. Nf3 {[%clk 01:30:33]} {[%emt 00:00:26]}
d5 {[%clk 01:30:42]} {[%emt 00:00:27]} 6. cxd5 {[%clk 01:30:28]} {[%emt
00:00:36]} exd5 {[%clk 01:30:48]} {[%emt 00:00:24]} 7. Nc3 {[%clk 01:27:48]}
{[%emt 00:03:10]} Bd6 {[%clk 01:30:18]} {[%emt 00:00:59]} 8. Qc2 {[%clk
01:26:16]} {[%emt 00:02:03]} O-O {[%clk 01:29:19]} {[%emt 00:01:29]} 9. Bd2
{[%clk 01:25:03]} {[%emt 00:01:44]} Ne4 {[%clk 01:28:21]} {[%emt 00:01:27]} 10.
e3 {[%clk 01:19:04]} {[%emt 00:06:29]} Nd7 {[%clk 01:27:53]} {[%emt 00:00:58]}
11. O-O {[%clk 01:19:16]} {[%emt 00:00:18]} Ndf6 {[%clk 01:27:44]} {[%emt
00:00:38]} 12. Be1 {[%clk 01:13:24]} {[%emt 00:06:22]} h6 {[%clk 01:25:23]}
{[%emt 00:02:52]} 13. Nxe4 {[%clk 01:13:38]} {[%emt 00:00:17]} fxe4 {[%clk
01:24:37]} {[%emt 00:01:14]} 14. Nd2 {[%clk 01:13:56]} {[%emt 00:00:13]} Qe8
{[%clk 01:22:32]} {[%emt 00:02:35]} 15. Nb3 {[%clk 01:12:37]} {[%emt 00:01:50]}
Qh5 {[%clk 01:21:26]} {[%emt 00:01:36]} 16. f3 {[%clk 01:09:51]} {[%emt
00:03:16]} exf3 {[%clk 01:19:06]} {[%emt 00:02:51]} 17. Bxf3 {[%clk 01:10:09]}
{[%emt 00:00:12]} Bg4 {[%clk 01:18:42]} {[%emt 00:00:54]} 18. Bxg4 {[%clk
01:10:25]} {[%emt 00:00:13]} Nxg4 {[%clk 01:18:49]} {[%emt 00:00:22]} 19. Rxf8+
{[%clk 01:10:43]} {[%emt 00:00:12]} Rxf8 {[%clk 01:19:09]} {[%emt 00:00:11]}
20. Rd1 {[%clk 01:10:10]} {[%emt 00:01:01]} Nxe3 {[%clk 01:18:54]} {[%emt
00:00:47]} 21. Qd3 {[%clk 01:10:14]} {[%emt 00:00:25]} Nxd1 {[%clk 01:18:47]}
{[%emt 00:00:39]} 22. Qd2 {[%clk 01:09:36]} {[%emt 00:01:02]} Qh3 {[%clk
01:17:53]} {[%emt 00:01:30]} 23. Qe2 {[%clk 01:09:31]} {[%emt 00:00:30]} Ne3
{[%clk 01:16:54]} {[%emt 00:01:34]} 24. Nd2 {[%clk 01:08:44]} {[%emt 00:01:17]}
Bb4 {[%clk 01:16:13]} {[%emt 00:01:11]} 25. Qxe3 {[%clk 01:07:55]} {[%emt
00:01:18]} Bxd2 {[%clk 01:16:20]} {[%emt 00:00:24]} 26. Qe2 {[%clk 01:08:09]}
{[%emt 00:00:16]} Be3+ {[%clk 01:16:10]} {[%emt 00:00:40]} 27. Bf2 {[%clk
01:06:58]} {[%emt 00:01:41]} Bxf2+ {[%clk 01:16:18]} {[%emt 00:00:22]} 28. Qxf2
{[%clk 01:07:13]} {[%emt 00:00:15]} Rxf2 {[%clk 01:16:40]} {[%emt 00:00:08]}
29. Kxf2 {[%clk 01:07:40]} {[%emt 00:00:04]} Qxh2+ {[%clk 01:16:26]} {[%emt
00:00:44]} 30. Kf3 {[%clk 01:08:07]} {[%emt 00:00:03]} Kf7 {[%clk 01:16:39]}
{[%emt 00:00:16]} 31. b4 {[%clk 01:08:24]} {[%emt 00:00:13]} Kf6 {[%clk
01:16:45]} {[%emt 00:00:24]} 32. a4 {[%clk 01:08:46]} {[%emt 00:00:09]} Kf5
{[%clk 01:16:56]} {[%emt 00:00:19]} 33. g4+ {[%clk 01:09:09]} {[%emt 00:00:07]}
Kg5 {[%clk 01:17:00]} {[%emt 00:00:26]} 34. b5 {[%clk 01:09:28]} {[%emt
00:00:10]} Qh3+ {[%clk 01:17:16]} {[%emt 00:00:14]} 35. Kf2 {[%clk 01:09:51]}
{[%emt 00:00:07]} Kxg4 {[%clk 01:17:12]} {[%emt 00:00:34]} 36. bxc6 {[%clk
01:10:11]} {[%emt 00:00:11]} bxc6 {[%clk 01:17:36]} {[%emt 00:00:06]} 37. a5
{[%clk 01:10:36]} {[%emt 00:00:04]} Kf4 {[%clk 01:17:49]} {[%emt 00:00:17]} 38.
a6 {[%clk 01:11:02]} {[%emt 00:00:05]} Qe3+ {[%clk 01:17:44]} {[%emt 00:00:35]}
39. Kg2 {[%clk 01:11:24]} {[%emt 00:00:07]} Qe2+ {[%clk 01:17:32]} {[%emt
00:00:43]} 40. Kg1 {[%clk 01:11:48]} {[%emt 00:00:06]} Kg3 {[%clk 01:17:50]}
{[%emt 00:00:12]} 41. Kh1 {[%clk 01:12:14]} {[%emt 00:00:03]} Qg2# {[%clk
01:17:43]} {[%emt 00:00:06]} 0-1

[Event "DEM U12w 2023"]
[Site "Willingen GER"]
[Date "2023.05.31"]
[Round "6"]
[White "Borck, Elena"]
[Black "Fettan, Nua"]
[Result "0-1"]
[Termination "normal"]
[Board "18"]
[WhiteElo "970"]
[BlackElo "1234"]
[WhiteClock "00:00:35"]
[BlackClock "00:37:51"]
[PlyCount "80"]
[WhiteFideId "16275446"]
[BlackFideId "34637362"]
[EventCountry "GER"]
[EventRounds "9"]
[EventType "swiss"]
[EventDate "2023.05.27"]

1. Nf3 {[%clk 01:30:55]} {[%emt 00:00:05]} d5 {[%clk 01:30:53]} {[%emt
00:00:07]} 2. d4 {[%clk 01:31:15]} {[%emt 00:00:10]} e6 {[%clk 01:31:03]}
{[%emt 00:00:20]} 3. e3 {[%clk 01:31:32]} {[%emt 00:00:13]} c6 {[%clk
01:31:18]} {[%emt 00:00:15]} 4. c4 {[%clk 01:31:47]} {[%emt 00:00:16]} Nf6
{[%clk 01:31:08]} {[%emt 00:00:40]} 5. Nc3 {[%clk 01:31:34]} {[%emt 00:00:44]}
Bd6 {[%clk 01:29:45]} {[%emt 00:01:53]} 6. Bd3 {[%clk 01:30:24]} {[%emt
00:01:40]} Nbd7 {[%clk 01:29:38]} {[%emt 00:00:37]} 7. O-O {[%clk 01:30:31]}
{[%emt 00:00:23]} O-O {[%clk 01:29:12]} {[%emt 00:00:47]} 8. Re1 {[%clk
01:30:07]} {[%emt 00:01:03]} b6 {[%clk 01:27:06]} {[%emt 00:02:36]} 9. Rb1
{[%clk 01:27:28]} {[%emt 00:03:09]} Bb7 {[%clk 01:26:41]} {[%emt 00:00:55]} 10.
b4 {[%clk 01:26:19]} {[%emt 00:01:39]} Rb8 {[%clk 01:24:27]} {[%emt 00:02:44]}
11. e4 {[%clk 01:20:51]} {[%emt 00:05:58]} e5 {[%clk 01:17:31]} {[%emt
00:07:26]} 12. Be3 {[%clk 01:19:12]} {[%emt 00:02:08]} Re8 {[%clk 01:13:52]}
{[%emt 00:04:10]} 13. Qc2 {[%clk 01:18:10]} {[%emt 00:01:32]} c5 {[%clk
01:10:53]} {[%emt 00:03:28]} 14. bxc5 {[%clk 01:17:31]} {[%emt 00:01:09]} bxc5
{[%clk 01:09:50]} {[%emt 00:01:34]} 15. Nb5 {[%clk 01:15:00]} {[%emt 00:03:01]}
Bf8 {[%clk 01:05:04]} {[%emt 00:05:15]} 16. cxd5 {[%clk 01:08:42]} {[%emt
00:06:48]} cxd4 {[%clk 01:02:58]} {[%emt 00:02:36]} 17. Bg5 {[%clk 01:03:41]}
{[%emt 00:05:31]} Rc8 {[%clk 00:53:54]} {[%emt 00:09:36]} 18. Qa4 {[%clk
00:56:39]} {[%emt 00:07:32]} a6 {[%clk 00:48:20]} {[%emt 00:06:04]} 19. Na7
{[%clk 00:55:23]} {[%emt 00:01:46]} Nc5 {[%clk 00:47:50]} {[%emt 00:00:57]} 20.
Qc4 {[%clk 00:48:04]} {[%emt 00:07:52]} Rc7 {[%clk 00:43:18]} {[%emt 00:05:03]}
21. Bxf6 {[%clk 00:40:44]} {[%emt 00:07:33]} Qxf6 {[%clk 00:41:07]} {[%emt
00:02:56]} 22. Rec1 {[%clk 00:38:23]} {[%emt 00:02:52]} Ba8 {[%clk 00:39:18]}
{[%emt 00:02:19]} 23. Nc6 {[%clk 00:35:00]} {[%emt 00:03:53]} Bxc6 {[%clk
00:38:50]} {[%emt 00:00:58]} 24. dxc6 {[%clk 00:35:21]} {[%emt 00:00:10]} Rxc6
{[%clk 00:39:00]} {[%emt 00:00:20]} 25. Rb7 {[%clk 00:23:05]} {[%emt 00:12:46]}
Rec8 {[%clk 00:38:12]} {[%emt 00:01:18]} 26. Rbb1 {[%clk 00:13:41]} {[%emt
00:09:54]} Nxd3 {[%clk 00:38:20]} {[%emt 00:00:22]} 27. Qxd3 {[%clk 00:13:11]}
{[%emt 00:01:01]} Rxc1+ {[%clk 00:38:34]} {[%emt 00:00:15]} 28. Ne1 {[%clk
00:12:42]} {[%emt 00:00:58]} Rxb1 {[%clk 00:38:53]} {[%emt 00:00:11]} 29. Qxb1
{[%clk 00:13:00]} {[%emt 00:00:13]} Qc6 {[%clk 00:38:58]} {[%emt 00:00:25]} 30.
Kf1 {[%clk 00:12:09]} {[%emt 00:01:21]} Qb5+ {[%clk 00:37:00]} {[%emt
00:02:29]} 31. Qd3 {[%clk 00:09:32]} {[%emt 00:03:06]} Qxd3+ {[%clk 00:37:21]}
{[%emt 00:00:08]} 32. Nxd3 {[%clk 00:09:50]} {[%emt 00:00:12]} f6 {[%clk
00:37:43]} {[%emt 00:00:09]} 33. f3 {[%clk 00:09:46]} {[%emt 00:00:35]} Rc3
{[%clk 00:37:42]} {[%emt 00:00:30]} 34. Ne1 {[%clk 00:03:50]} {[%emt 00:06:25]}
Ra3 {[%clk 00:37:48]} {[%emt 00:00:25]} 35. h4 {[%clk 00:02:48]} {[%emt
00:01:32]} Rxa2 {[%clk 00:37:56]} {[%emt 00:00:22]} 36. g4 {[%clk 00:02:41]}
{[%emt 00:00:36]} Ra1 {[%clk 00:36:41]} {[%emt 00:01:45]} 37. Kf2 {[%clk
00:01:14]} {[%emt 00:01:57]} Be7 {[%clk 00:36:54]} {[%emt 00:00:17]} 38. g5
{[%emt 00:01:00]} fxg5 {[%clk 00:37:12]} 39. Nc2 {[%clk 00:00:34]} {[%emt
00:00:52]} Ra2 {[%clk 00:37:35]} {[%emt 00:00:07]} 40. h5 {[%clk 00:00:35]}
{[%emt 00:00:29]} Rxc2+ {[%clk 00:37:51]} {[%emt 00:00:06]} 0-1

[Event "DEM U12w 2023"]
[Site "Willingen GER"]
[Date "2023.05.31"]
[Round "6"]
[White "Albrecht, Sidney Jenna"]
[Black "Margaryan, Mari"]
[Result "1-0"]
[Termination "normal"]
[Board "19"]
[WhiteElo "1079"]
[BlackElo "949"]
[WhiteClock "00:58:46"]
[BlackClock "01:12:27"]
[PlyCount "77"]
[WhiteFideId "34660283"]
[BlackFideId "16279700"]
[EventCountry "GER"]
[EventRounds "9"]
[EventType "swiss"]
[EventDate "2023.05.27"]

1. c4 {[%clk 01:30:58]} {[%emt 00:00:01]} e6 {[%clk 01:30:52]} {[%emt
00:00:08]} 2. Nc3 {[%clk 01:31:04]} {[%emt 00:00:24]} d5 {[%clk 01:30:59]}
{[%emt 00:00:23]} 3. cxd5 {[%clk 01:31:13]} {[%emt 00:00:21]} exd5 {[%clk
01:31:23]} {[%emt 00:00:06]} 4. g3 {[%clk 01:31:23]} {[%emt 00:00:21]} Nf6
{[%clk 01:31:16]} {[%emt 00:00:36]} 5. Bg2 {[%clk 01:31:27]} {[%emt 00:00:26]}
Bc5 {[%clk 01:31:27]} {[%emt 00:00:18]} 6. Nf3 {[%clk 01:31:30]} {[%emt
00:00:28]} Bf5 {[%clk 01:30:30]} {[%emt 00:01:26]} 7. O-O {[%clk 01:31:02]}
{[%emt 00:01:00]} O-O {[%clk 01:29:37]} {[%emt 00:01:23]} 8. d4 {[%clk
01:29:13]} {[%emt 00:02:19]} Bd6 {[%clk 01:29:08]} {[%emt 00:00:56]} 9. Ne5
{[%clk 01:26:55]} {[%emt 00:02:51]} Re8 {[%clk 01:28:17]} {[%emt 00:01:20]} 10.
Nxd5 {[%clk 01:26:45]} {[%emt 00:00:40]} Nxd5 {[%clk 01:27:58]} {[%emt
00:00:49]} 11. Bxd5 {[%clk 01:27:03]} {[%emt 00:00:12]} Bxe5 {[%clk 01:27:02]}
{[%emt 00:01:25]} 12. Bxb7 {[%clk 01:26:02]} {[%emt 00:01:32]} Bf6 {[%clk
01:26:11]} {[%emt 00:01:20]} 13. Bxa8 {[%clk 01:26:12]} {[%emt 00:00:21]} c6
{[%clk 01:26:27]} {[%emt 00:00:10]} 14. Be3 {[%clk 01:25:27]} {[%emt 00:01:19]}
Qd7 {[%clk 01:26:06]} {[%emt 00:00:51]} 15. d5 {[%clk 01:24:04]} {[%emt
00:01:53]} cxd5 {[%clk 01:24:22]} {[%emt 00:02:14]} 16. Bxd5 {[%clk 01:22:53]}
{[%emt 00:01:42]} Bxb2 {[%clk 01:24:37]} {[%emt 00:00:14]} 17. Qd2 {[%clk
01:21:36]} {[%emt 00:01:47]} Bxa1 {[%clk 01:23:53]} {[%emt 00:01:14]} 18. Rxa1
{[%clk 01:20:41]} {[%emt 00:01:25]} Re5 {[%clk 01:23:53]} {[%emt 00:00:29]} 19.
Rd1 {[%clk 01:19:16]} {[%emt 00:01:56]} Be6 {[%clk 01:22:49]} {[%emt 00:01:32]}
20. Bxe6 {[%clk 01:18:31]} {[%emt 00:01:17]} Qxd2 {[%clk 01:22:09]} {[%emt
00:01:10]} 21. Rxd2 {[%clk 01:18:42]} {[%emt 00:00:18]} fxe6 {[%clk 01:21:52]}
{[%emt 00:00:47]} 22. Rd8+ {[%clk 01:18:45]} {[%emt 00:00:29]} Kf7 {[%clk
01:22:07]} {[%emt 00:00:14]} 23. Rxb8 {[%clk 01:18:58]} {[%emt 00:00:18]} a6
{[%clk 01:22:06]} {[%emt 00:00:32]} 24. Rb2 {[%clk 01:15:09]} {[%emt 00:04:18]}
Ke7 {[%clk 01:20:54]} {[%emt 00:01:41]} 25. Bb6 {[%clk 01:14:22]} {[%emt
00:01:18]} Kd6 {[%clk 01:20:36]} {[%emt 00:00:43]} 26. Rc2 {[%clk 01:13:46]}
{[%emt 00:01:11]} Rb5 {[%clk 01:19:47]} {[%emt 00:01:18]} 27. Bc7+ {[%clk
01:12:53]} {[%emt 00:01:24]} Kd7 {[%clk 01:19:56]} {[%emt 00:00:20]} 28. e3
{[%clk 01:11:25]} {[%emt 00:01:59]} Rb7 {[%clk 01:19:37]} {[%emt 00:00:49]} 29.
Bf4 {[%clk 01:08:02]} {[%emt 00:03:53]} a5 {[%clk 01:19:09]} {[%emt 00:00:58]}
30. Rc5 {[%clk 01:05:51]} {[%emt 00:02:41]} Ra7 {[%clk 01:18:38]} {[%emt
00:00:59]} 31. Rb5 {[%clk 01:03:18]} {[%emt 00:03:06]} a4 {[%clk 01:17:03]}
{[%emt 00:02:04]} 32. Kf1 {[%clk 01:02:40]} {[%emt 00:01:08]} Kc6 {[%clk
01:17:17]} {[%emt 00:00:16]} 33. Re5 {[%clk 01:02:06]} {[%emt 00:01:04]} Kb6
{[%clk 01:15:03]} {[%emt 00:02:39]} 34. e4 {[%clk 01:00:01]} {[%emt 00:02:41]}
Rc7 {[%clk 01:13:04]} {[%emt 00:02:29]} 35. Rxe6+ {[%clk 00:59:08]} {[%emt
00:01:23]} Rc6 {[%clk 01:12:33]} {[%emt 00:01:01]} 36. Rxc6+ {[%clk 00:59:21]}
{[%emt 00:00:17]} Kxc6 {[%clk 01:12:56]} {[%emt 00:00:07]} 37. Bd2 {[%clk
00:59:02]} {[%emt 00:00:48]} Kb5 {[%clk 01:12:44]} {[%emt 00:00:43]} 38. Ke2
{[%clk 00:58:33]} {[%emt 00:00:59]} Kc5 {[%clk 01:12:27]} {[%emt 00:00:47]} 39.
Ke3 {[%clk 00:58:46]} {[%emt 00:00:17]} 1-0